|
|
|
|
| LEADER |
00000nam0a2200000 4500 |
| 001 |
251934 |
| 005 |
20231101232713.0 |
| 010 |
|
|
|a 9785445851431
|
| 035 |
|
|
|a (RuTPU)RU\TPU\book\274246
|
| 090 |
|
|
|a 251934
|
| 100 |
|
|
|a 20140225d2014 k y0rusy50 ca
|
| 101 |
0 |
|
|a rus
|
| 102 |
|
|
|a RU
|
| 105 |
|
|
|a y z 001zy
|
| 200 |
1 |
|
|a Концептуальные основы разработки и реализации социальной стратегии промышленного предприятия
|e монография
|f С. Н. Калюгина
|
| 210 |
|
|
|a Москва
|c Директ-Медиа
|d 2014
|
| 215 |
|
|
|a 267 с.
|
| 320 |
|
|
|a Библиогр.: с. 253-265.
|
| 330 |
|
|
|a Монография содержит исследование концептуальных основ разработки и обоснования выбора альтернатив социальной стратегии промышленного предприятия, а также технологий и механизмов ее реализации, обеспечивающих устойчивое функционирование в условиях динамичных изменений внешней и внутренней среды. Монография предназначена для руководителей промышленных предприятий, научных работников, преподавателей, студентов и аспирантов.Монография содержит исследование концептуальных основ разработки и обоснования выбора альтернатив социальной стратегии промышленного предприятия, а также технологий и механизмов ее реализации, обеспечивающих устойчивое функционирование в условиях динамичных изменений внешней и внутренней среды.Монография предназначена для руководителей промышленных предприятий, научных работников, преподавателей, студентов и аспирантов.
|
| 606 |
1 |
|
|a Предприятия
|x Экономика
|x Управление
|2 stltpush
|3 (RuTPU)RU\TPU\subj\36690
|9 57983
|
| 610 |
1 |
|
|a экономика
|
| 610 |
1 |
|
|a промышленные предприятия
|
| 610 |
1 |
|
|a социальные стратегии
|
| 610 |
1 |
|
|a стратегическое управление
|
| 610 |
1 |
|
|a социальная сфера
|
| 610 |
1 |
|
|a инновационные технологии
|
| 610 |
1 |
|
|a стратегические изменения
|
| 610 |
1 |
|
|a социальное поведение
|
| 610 |
1 |
|
|a социальная ответственность
|
| 610 |
1 |
|
|a социальные проекты
|
| 610 |
1 |
|
|a реализация
|
| 686 |
|
|
|a У9(2)29
|v LBC/SL-A
|2 rubbk
|
| 700 |
|
1 |
|a Калюгина
|b С. Н.
|g Светлана Николаевна
|
| 801 |
|
1 |
|a RU
|b 63413507
|c 20140225
|
| 801 |
|
2 |
|a RU
|b 63413507
|c 20140617
|g RCR
|
| 942 |
|
|
|c BK
|
| 959 |
|
|
|a 37/20140225
|d 1
|e 702,24
|f ЧЗГЛ:1
|